Estructura social, regímenes políticos, estado y políticas agrarias en Centroamérica: 1945-1983

Sparad:
Bibliografiska uppgifter
Huvudupphovsman: Scheuermeier, Andreas
Materialtyp: Text
Publicerad: Managua :
Taggar: Lägg till en tagg
Inga taggar, Lägg till första taggen!

MARC

LEADER 00000 a a2200000 04500
001 14597
003
040
090 |a 021400  
100 |a Scheuermeier, Andreas  
245 |a Estructura social, regímenes políticos, estado y políticas agrarias en Centroamérica: 1945-1983  
260 |a Managua :  
300 |a 18 p.  
999 |c 15798  |d 15798